000
00278nam a22001337a 4500
008
181015b xxu||||| |||| 00| 0 eng d
020
_a
9780691120560
041
_a
eng
080
_a
510
100
_a
38
101
_a
MAT
245
_a
Nonplussed!
_c
Havil,J
942
_2
udc
_c
BK
999
_c
49649
_d
49649